LEADER 01115nam--2200385---450- 001 990002443130203316 005 20050622163255.0 035 $a000244313 035 $aUSA01000244313 035 $a(ALEPH)000244313USA01 035 $a000244313 100 $a20050622d199192--km-y0itay0103----ba 101 $aita 102 $aIY 105 $a||||||||001yy 200 1 $aEtca ed economia$fcandidato Guglielmo Vaccaro$grelatore Lucio Valerio Spagnolo 210 $a[S. l.$cs. n.]$danno accademico 1991 - 92 215 $a178 p.$d30 cm 300 $aTesi di laurea in economia politica II 410 0$12001 454 1$12001 461 1$1001-------$12001 606 0 $aEconomia$xFilosofia 676 $a330.01 700 1$aVACCARO,$bGuglielmo$0573376 702 1$aSPAGNOLO,$bLucio Valerio 712 01$aUniversitą degli studi $b: facoltą di economia e commercio 801 0$aIT$bsalbc$gISBD 912 $a990002443130203316 951 $aX 1 122 959 $aBK 969 $aDSSS 979 $aDSSS$b10$c20050622$lUSA01$h1632 996 $aEtca ed economia$91056140 997 $aUNISA LEADER 02870nam 2200529 450 001 9910797262303321 005 20230807215824.0 010 $a1-59756-798-1 035 $a(CKB)3710000000417156 035 $a(EBL)2055687 035 $a(SSID)ssj0001482509 035 $a(PQKBManifestationID)12607407 035 $a(PQKBTitleCode)TC0001482509 035 $a(PQKBWorkID)11412041 035 $a(PQKB)10746272 035 $a(MiAaPQ)EBC2055687 035 $a(Au-PeEL)EBL2055687 035 $a(CaPaEBR)ebr11056925 035 $a(OCoLC)910446822 035 $a(EXLCZ)993710000000417156 100 $a20150605h20152015 uy 0 101 0 $aeng 135 $aurun#---uuuuu 181 $ctxt$2rdacontent 182 $cc$2rdamedia 183 $acr$2rdacarrier 200 10$aOral-facial evaluation for speech-language pathologists /$fBarbara Ann Johnson-Root 210 1$aSan Diego, California :$cPlural Publishing Inc.,$d2015. 210 4$d©2015 215 $a1 online resource (xxii, 454 pages) $cillustrations 300 $aDescription based upon print version of record. 311 $a1-59756-575-X 320 $aIncludes bibliographical references and index. 327 $aContents; Foreword; Introduction: About Oral-Facial Evaluation for Speech-Language Pathologists; Acknowledgments; Part I. Before the Procedures; 1. Getting Started; Part II. Gathering Client-Centered Evidence; 2. Instructions for Routine Oral-Facial Evaluation Procedures; 3. Instructions for Discretionary Clinical Observations; 4. Suggested Adaptations for Examinees With Special Needs; Part III. Interpreting and Managing the Evidence; 5. Interpreting the Findings; 6. Documenting the Findings; Appendix A. Recording Forms; Appendix B. Equipment and Supplies 327 $aAppendix C. Optional Rapid Review of Relevant Anatomy and PhysiologyAppendix D. Summary of Relevant Cranial Nerves; Glossary; References; Index 330 $aThis book guides speech-language pathologists and SLP students through the process of strategically inspecting the oral-facial region for structural and functional integrity. This manual applies principles of evidence-based practice throughout and includes: a review of relevant anatomy and physiology, instructions for inspection procedures, detailed clinical implications for a large number of structural and functional patterns, strategies for organizing and writing appropriate report sections, and implications that may impact plan of care. 606 $aLanguage disorders$xDiagnosis 615 0$aLanguage disorders$xDiagnosis. 676 $a616.855075 700 $aJohnson-Root$b Barbara Ann$01535371 801 0$bMiAaPQ 801 1$bMiAaPQ 801 2$bMiAaPQ 906 $aBOOK 912 $a9910797262303321 996 $aOral-facial evaluation for speech-language pathologists$93783527 997 $aUNINA LEADER 04188nam 2200709 a 450 001 9910790264803321 005 20221226225824.0 010 $a1-280-59794-1 010 $a9786613627773 010 $a0-231-50231-1 024 7 $a10.7312/amat12832 035 $a(CKB)2670000000186684 035 $a(EBL)908992 035 $a(OCoLC)826476454 035 $a(SSID)ssj0000652360 035 $a(PQKBManifestationID)11413583 035 $a(PQKBTitleCode)TC0000652360 035 $a(PQKBWorkID)10641675 035 $a(PQKB)11263737 035 $a(MiAaPQ)EBC908992 035 $a(DE-B1597)458597 035 $a(OCoLC)787847730 035 $a(OCoLC)979752782 035 $a(DE-B1597)9780231502313 035 $a(Au-PeEL)EBL908992 035 $a(CaPaEBR)ebr10540669 035 $a(CaONFJC)MIL362777 035 $a(EXLCZ)992670000000186684 100 $a20090205d2009 uy 0 101 0 $aeng 135 $aur|n|---||||| 181 $ctxt 182 $cc 183 $acr 200 00$aConservation genetics in the age of genomics$b[electronic resource] /$fedited by George Amato ... [et al.] 210 $aNew York $cColumbia University Press$dc2009 215 $a1 online resource (265 p.) 225 1 $aNew directions in biodiversity conservation 300 $aBased on papers from two symposia, one held in San Diego and sponsored by the San Diego Zoological Park, and the other held in New York and sponsored by the Wildlife Conservation Society and the American Museum of Natural History Center for Biodiversity and Conservation. 311 $a0-231-12832-0 320 $aIncludes bibliographical references and index. 327 $apt. 1. Perspectives on the union of conservation and genetics -- pt. 2. Conservation genetics in action : assessing the level and quality of genetic resources in endangered species -- pt. 3. Saving genetic resources -- pt. 4. Genomic technology meets conservation biology -- pt. 5. Policy, law, and philosophy of conservation biology in the age of genomics. 330 $aGenome sequencing enables scientists to study genes over time and to test the genetic variability of any form of life, from bacteria to mammals. Thanks to advances in molecular genetics, scientists can now determine an animal's degree of inbreeding or compare genetic variation of a captive species to wild or natural populations. Mapping an organism's genetic makeup recasts such terms as biodiversity and species and enables the conservation of rare or threatened species, populations, and genes. By introducing a new paradigm for studying and preserving life at a variety of levels, genomics offers solutions to previously intractable problems in understanding the biology of complex organisms and creates new tools for preserving the patterns and processes of life on this planet. Featuring a number of high-profile researchers, this volume introduces the use of molecular genetics in conservation biology and provides a historical perspective on the opportunities and challenges presented by new technologies. It discusses zoo-, museum-, and herbarium-based biological collections, which have expanded over the past decade, and covers the promises and problems of genomic and reproductive technology. The collection concludes with the philosophical and legal issues of conservation genetics and their potential effects on public policy. 410 0$aNew directions in biodiversity conservation. 606 $aEcological genetics$vCongresses 606 $aGermplasm resources conservation$vCongresses 606 $aPopulation genetics$vCongresses 615 0$aEcological genetics 615 0$aGermplasm resources conservation 615 0$aPopulation genetics 676 $a576.5/8 701 $aAmato$b George$01562661 712 02$aSan Diego Zoo. 712 02$aWildlife Conservation Society (New York, N.Y.) 712 02$aCenter for Biodiversity and Conservation (American Museum of Natural History) 801 0$bMiAaPQ 801 1$bMiAaPQ 801 2$bMiAaPQ 906 $aBOOK 912 $a9910790264803321 996 $aConservation genetics in the age of genomics$93830463 997 $aUNINA